000 00581nam a2200181Ia 4500
005 20250508153554.0
008 008 250505s9999 xx 000 0 eng d
037 _aBooks to be hide in OPAC
040 _aFEDL
_beng
_cFEDL
041 _aeng
_2eng
084 _a370.78, UNE/O
_qFEDL
100 _aFilho M B Lourenco
_9758643
245 0 _aPrimary school curricula in Latin America
260 _aParis, France
_bUnited Nations Educational, Scientific and Cultural Organization
_c1957
300 _a36p.
942 _cHB
_h370.78, UNE/O
999 _c1343960
_d1343960